<?xml version="1.0" encoding="UTF-8"?>
<record
    xmlns:xsi="http://www.w3.org/2001/XMLSchema-instance"
    xsi:schemaLocation="http://www.loc.gov/MARC21/slim http://www.loc.gov/standards/marcxml/schema/MARC21slim.xsd"
    xmlns="http://www.loc.gov/MARC21/slim">

  <leader>00853nam a22002657a 4500</leader>
  <controlfield tag="005">20180226102757.0</controlfield>
  <datafield tag="010" ind1=" " ind2=" ">
    <subfield code="a">ENG-107804</subfield>
  </datafield>
  <datafield tag="020" ind1=" " ind2=" ">
    <subfield code="a">9789325960107</subfield>
    <subfield code="c">495.00</subfield>
  </datafield>
  <datafield tag="035" ind1=" " ind2=" ">
    <subfield code="a">EN-91337</subfield>
  </datafield>
  <datafield tag="035" ind1=" " ind2=" ">
    <subfield code="a">B-537650-664</subfield>
  </datafield>
  <datafield tag="035" ind1=" " ind2=" ">
    <subfield code="a">B-664863</subfield>
  </datafield>
  <datafield tag="037" ind1=" " ind2=" ">
    <subfield code="b">DBAD/PUB</subfield>
  </datafield>
  <datafield tag="037" ind1=" " ind2=" ">
    <subfield code="b">Mallika Books/Ven</subfield>
    <subfield code="a">dpl</subfield>
  </datafield>
  <datafield tag="082" ind1=" " ind2=" ">
    <subfield code="2">8th</subfield>
    <subfield code="a">347.7</subfield>
  </datafield>
  <datafield tag="100" ind1=" " ind2=" ">
    <subfield code="a">Kuchhal, M.C.</subfield>
  </datafield>
  <datafield tag="245" ind1=" " ind2=" ">
    <subfield code="a">Mercantile law /</subfield>
    <subfield code="c">by M.C. Kuchhal [and] Vivek Kuchhal</subfield>
  </datafield>
  <datafield tag="250" ind1=" " ind2=" ">
    <subfield code="a">8th rev ed</subfield>
  </datafield>
  <datafield tag="260" ind1=" " ind2=" ">
    <subfield code="a">Noida</subfield>
    <subfield code="b">Vikas Publishing House</subfield>
    <subfield code="c">2013</subfield>
  </datafield>
  <datafield tag="270" ind1=" " ind2=" ">
    <subfield code="a">E-28, Sector-8</subfield>
    <subfield code="b">Noida</subfield>
    <subfield code="e">201301</subfield>
  </datafield>
  <datafield tag="300" ind1=" " ind2=" ">
    <subfield code="a">xxix,690 p. </subfield>
    <subfield code="c">22cm(pbk)</subfield>
  </datafield>
  <datafield tag="500" ind1=" " ind2=" ">
    <subfield code="a">Includes bibliographical references and index</subfield>
  </datafield>
  <datafield tag="700" ind1=" " ind2=" ">
    <subfield code="a"> Kuchhal, Vivek</subfield>
  </datafield>
  <datafield tag="942" ind1=" " ind2=" ">
    <subfield code="2">ddc</subfield>
    <subfield code="c">EN</subfield>
    <subfield code="m">KUC</subfield>
    <subfield code="h">347.7</subfield>
  </datafield>
  <datafield tag="999" ind1=" " ind2=" ">
    <subfield code="c">77163</subfield>
    <subfield code="d">77163</subfield>
  </datafield>
  <datafield tag="952" ind1=" " ind2=" ">
    <subfield code="0">0</subfield>
    <subfield code="1">0</subfield>
    <subfield code="4">0</subfield>
    <subfield code="7">1</subfield>
    <subfield code="8">NFIC</subfield>
    <subfield code="a">DBAD</subfield>
    <subfield code="b">DBAD</subfield>
    <subfield code="d">2013-07-04</subfield>
    <subfield code="e">DBAD/PUB</subfield>
    <subfield code="g">395.00</subfield>
    <subfield code="l">0</subfield>
    <subfield code="o">347.7 KUC</subfield>
    <subfield code="p">EN-91337</subfield>
    <subfield code="r">2013-07-04 00:00:00</subfield>
    <subfield code="t">1</subfield>
    <subfield code="v">395.00</subfield>
    <subfield code="y">EN</subfield>
  </datafield>
  <datafield tag="952" ind1=" " ind2=" ">
    <subfield code="0">0</subfield>
    <subfield code="1">0</subfield>
    <subfield code="4">0</subfield>
    <subfield code="7">0</subfield>
    <subfield code="8">NFIC</subfield>
    <subfield code="a">L</subfield>
    <subfield code="b">L</subfield>
    <subfield code="d">2014-08-26</subfield>
    <subfield code="e">Mallika Books/131/31.03.2014/147/25.03.2014/31.03.2014</subfield>
    <subfield code="g">410.00</subfield>
    <subfield code="l">10</subfield>
    <subfield code="m">7</subfield>
    <subfield code="o">347.7 KUC</subfield>
    <subfield code="p">B-537650</subfield>
    <subfield code="r">2024-01-11 00:00:00</subfield>
    <subfield code="s">2023-12-27</subfield>
    <subfield code="t">1</subfield>
    <subfield code="v">410.00</subfield>
    <subfield code="w">2014-08-26</subfield>
    <subfield code="y">EN</subfield>
  </datafield>
  <datafield tag="952" ind1=" " ind2=" ">
    <subfield code="0">0</subfield>
    <subfield code="1">0</subfield>
    <subfield code="4">0</subfield>
    <subfield code="7">1</subfield>
    <subfield code="8">REF</subfield>
    <subfield code="a">L</subfield>
    <subfield code="b">L</subfield>
    <subfield code="d">2014-08-26</subfield>
    <subfield code="e">Mallika Books/131/31.03.2014/147/25.03.2014/31.03.2014</subfield>
    <subfield code="g">410.00</subfield>
    <subfield code="l">0</subfield>
    <subfield code="o">347.7 KUC</subfield>
    <subfield code="p">B-537651</subfield>
    <subfield code="r">2014-08-26 00:00:00</subfield>
    <subfield code="t">1</subfield>
    <subfield code="v">410.00</subfield>
    <subfield code="y">EN</subfield>
  </datafield>
  <datafield tag="952" ind1=" " ind2=" ">
    <subfield code="0">0</subfield>
    <subfield code="1">0</subfield>
    <subfield code="4">0</subfield>
    <subfield code="7">0</subfield>
    <subfield code="8">NFIC</subfield>
    <subfield code="a">M</subfield>
    <subfield code="b">M</subfield>
    <subfield code="d">2014-08-26</subfield>
    <subfield code="e">Mallika Books/131/31.03.2014/147/25.03.2014/31.03.2014</subfield>
    <subfield code="g">410.00</subfield>
    <subfield code="l">0</subfield>
    <subfield code="o">347.7 KUC</subfield>
    <subfield code="p">B-537652</subfield>
    <subfield code="r">2014-08-26 00:00:00</subfield>
    <subfield code="t">4</subfield>
    <subfield code="v">410.00</subfield>
    <subfield code="y">EN</subfield>
  </datafield>
  <datafield tag="952" ind1=" " ind2=" ">
    <subfield code="0">0</subfield>
    <subfield code="1">0</subfield>
    <subfield code="4">0</subfield>
    <subfield code="7">0</subfield>
    <subfield code="8">NFIC</subfield>
    <subfield code="a">M</subfield>
    <subfield code="b">M</subfield>
    <subfield code="d">2014-08-26</subfield>
    <subfield code="e">Mallika Books/131/31.03.2014/147/25.03.2014/31.03.2014</subfield>
    <subfield code="g">410.00</subfield>
    <subfield code="l">0</subfield>
    <subfield code="o">347.7 KUC</subfield>
    <subfield code="p">B-537653</subfield>
    <subfield code="r">2014-08-26 00:00:00</subfield>
    <subfield code="t">4</subfield>
    <subfield code="v">410.00</subfield>
    <subfield code="y">EN</subfield>
  </datafield>
  <datafield tag="952" ind1=" " ind2=" ">
    <subfield code="0">0</subfield>
    <subfield code="1">0</subfield>
    <subfield code="4">0</subfield>
    <subfield code="7">0</subfield>
    <subfield code="8">NFIC</subfield>
    <subfield code="a">M</subfield>
    <subfield code="b">M</subfield>
    <subfield code="d">2014-08-26</subfield>
    <subfield code="e">Mallika Books/131/31.03.2014/147/25.03.2014/31.03.2014</subfield>
    <subfield code="g">410.00</subfield>
    <subfield code="l">0</subfield>
    <subfield code="o">347.7 KUC</subfield>
    <subfield code="p">B-537654</subfield>
    <subfield code="r">2014-08-26 00:00:00</subfield>
    <subfield code="t">4</subfield>
    <subfield code="v">410.00</subfield>
    <subfield code="y">EN</subfield>
  </datafield>
  <datafield tag="952" ind1=" " ind2=" ">
    <subfield code="0">0</subfield>
    <subfield code="1">0</subfield>
    <subfield code="4">0</subfield>
    <subfield code="7">0</subfield>
    <subfield code="8">NFIC</subfield>
    <subfield code="a">M</subfield>
    <subfield code="b">M</subfield>
    <subfield code="d">2014-08-26</subfield>
    <subfield code="e">Mallika Books/131/31.03.2014/147/25.03.2014/31.03.2014</subfield>
    <subfield code="g">410.00</subfield>
    <subfield code="l">0</subfield>
    <subfield code="o">347.7 KUC</subfield>
    <subfield code="p">B-537655</subfield>
    <subfield code="r">2014-08-26 00:00:00</subfield>
    <subfield code="t">4</subfield>
    <subfield code="v">410.00</subfield>
    <subfield code="y">EN</subfield>
  </datafield>
  <datafield tag="952" ind1=" " ind2=" ">
    <subfield code="0">1</subfield>
    <subfield code="1">0</subfield>
    <subfield code="4">0</subfield>
    <subfield code="7">0</subfield>
    <subfield code="8">NFIC</subfield>
    <subfield code="a">BL1</subfield>
    <subfield code="b">BL1</subfield>
    <subfield code="d">2014-08-26</subfield>
    <subfield code="e">Mallika Books/131/31.03.2014/147/25.03.2014/31.03.2014</subfield>
    <subfield code="g">410.00</subfield>
    <subfield code="l">1</subfield>
    <subfield code="o">347.7 KUC</subfield>
    <subfield code="p">B-537656</subfield>
    <subfield code="r">2018-09-18 00:00:00</subfield>
    <subfield code="s">2018-08-30</subfield>
    <subfield code="t">1</subfield>
    <subfield code="v">410.00</subfield>
    <subfield code="y">EN</subfield>
  </datafield>
  <datafield tag="952" ind1=" " ind2=" ">
    <subfield code="0">0</subfield>
    <subfield code="1">0</subfield>
    <subfield code="4">0</subfield>
    <subfield code="7">0</subfield>
    <subfield code="8">NFIC</subfield>
    <subfield code="a">JP</subfield>
    <subfield code="b">JP</subfield>
    <subfield code="d">2014-08-26</subfield>
    <subfield code="e">Mallika Books/131/31.03.2014/147/25.03.2014/31.03.2014</subfield>
    <subfield code="g">410.00</subfield>
    <subfield code="l">12</subfield>
    <subfield code="m">3</subfield>
    <subfield code="o">347.7 KUC</subfield>
    <subfield code="p">B-537657</subfield>
    <subfield code="r">2018-06-05 00:00:00</subfield>
    <subfield code="s">2018-05-25</subfield>
    <subfield code="t">1</subfield>
    <subfield code="v">410.00</subfield>
    <subfield code="y">EN</subfield>
  </datafield>
  <datafield tag="952" ind1=" " ind2=" ">
    <subfield code="0">0</subfield>
    <subfield code="1">0</subfield>
    <subfield code="4">0</subfield>
    <subfield code="7">0</subfield>
    <subfield code="8">NFIC</subfield>
    <subfield code="a">ZLS</subfield>
    <subfield code="b">ZLS</subfield>
    <subfield code="d">2014-08-26</subfield>
    <subfield code="e">Mallika Books/131/31.03.2014/147/25.03.2014/31.03.2014</subfield>
    <subfield code="g">410.00</subfield>
    <subfield code="l">9</subfield>
    <subfield code="m">10</subfield>
    <subfield code="o">347.7 KUC</subfield>
    <subfield code="p">B-537658</subfield>
    <subfield code="r">2020-02-05 00:00:00</subfield>
    <subfield code="s">2019-09-28</subfield>
    <subfield code="t">1</subfield>
    <subfield code="v">410.00</subfield>
    <subfield code="y">EN</subfield>
  </datafield>
  <datafield tag="952" ind1=" " ind2=" ">
    <subfield code="0">0</subfield>
    <subfield code="1">3</subfield>
    <subfield code="4">0</subfield>
    <subfield code="7">0</subfield>
    <subfield code="8">NFIC</subfield>
    <subfield code="a">RKP</subfield>
    <subfield code="b">RKP</subfield>
    <subfield code="d">2014-08-26</subfield>
    <subfield code="e">Mallika Books/131/31.03.2014/147/25.03.2014/31.03.2014</subfield>
    <subfield code="g">410.00</subfield>
    <subfield code="l">1</subfield>
    <subfield code="m">2</subfield>
    <subfield code="o">347.7 KUC</subfield>
    <subfield code="p">B-537659</subfield>
    <subfield code="r">2015-04-07 00:00:00</subfield>
    <subfield code="s">2015-02-14</subfield>
    <subfield code="t">1</subfield>
    <subfield code="v">410.00</subfield>
    <subfield code="y">EN</subfield>
  </datafield>
  <datafield tag="952" ind1=" " ind2=" ">
    <subfield code="0">0</subfield>
    <subfield code="1">0</subfield>
    <subfield code="4">0</subfield>
    <subfield code="7">0</subfield>
    <subfield code="8">NFIC</subfield>
    <subfield code="a">VP</subfield>
    <subfield code="b">VP</subfield>
    <subfield code="d">2014-08-26</subfield>
    <subfield code="e">Mallika Books/131/31.03.2014/147/25.03.2014/31.03.2014</subfield>
    <subfield code="g">410.00</subfield>
    <subfield code="l">11</subfield>
    <subfield code="m">4</subfield>
    <subfield code="o">347.7 KUC</subfield>
    <subfield code="p">B-537660</subfield>
    <subfield code="r">2022-05-23 00:00:00</subfield>
    <subfield code="s">2021-12-01</subfield>
    <subfield code="t">1</subfield>
    <subfield code="v">410.00</subfield>
    <subfield code="y">EN</subfield>
  </datafield>
  <datafield tag="952" ind1=" " ind2=" ">
    <subfield code="0">0</subfield>
    <subfield code="1">5</subfield>
    <subfield code="4">0</subfield>
    <subfield code="7">0</subfield>
    <subfield code="8">NFIC</subfield>
    <subfield code="a">BL3</subfield>
    <subfield code="b">BL3</subfield>
    <subfield code="d">2014-08-26</subfield>
    <subfield code="e">Mallika Books/131/31.03.2014/147/25.03.2014/31.03.2014</subfield>
    <subfield code="g">410.00</subfield>
    <subfield code="l">0</subfield>
    <subfield code="o">347.7 KUC</subfield>
    <subfield code="p">B-537661</subfield>
    <subfield code="r">2014-08-26 00:00:00</subfield>
    <subfield code="t">1</subfield>
    <subfield code="v">410.00</subfield>
    <subfield code="y">EN</subfield>
  </datafield>
  <datafield tag="952" ind1=" " ind2=" ">
    <subfield code="0">0</subfield>
    <subfield code="1">0</subfield>
    <subfield code="4">0</subfield>
    <subfield code="7">0</subfield>
    <subfield code="8">NFIC</subfield>
    <subfield code="a">NRR</subfield>
    <subfield code="b">NRR</subfield>
    <subfield code="d">2014-08-26</subfield>
    <subfield code="e">Mallika Books/131/31.03.2014/147/25.03.2014/31.03.2014</subfield>
    <subfield code="g">410.00</subfield>
    <subfield code="l">0</subfield>
    <subfield code="o">347.7 KUC</subfield>
    <subfield code="p">B-537662</subfield>
    <subfield code="r">2014-08-26 00:00:00</subfield>
    <subfield code="t">1</subfield>
    <subfield code="v">410.00</subfield>
    <subfield code="y">EN</subfield>
  </datafield>
  <datafield tag="952" ind1=" " ind2=" ">
    <subfield code="0">0</subfield>
    <subfield code="1">0</subfield>
    <subfield code="4">0</subfield>
    <subfield code="7">0</subfield>
    <subfield code="8">NFIC</subfield>
    <subfield code="a">NR</subfield>
    <subfield code="b">NR</subfield>
    <subfield code="d">2014-08-26</subfield>
    <subfield code="e">Mallika Books/131/31.03.2014/147/25.03.2014/31.03.2014</subfield>
    <subfield code="g">410.00</subfield>
    <subfield code="l">0</subfield>
    <subfield code="o">347.7 KUC</subfield>
    <subfield code="p">B-537663</subfield>
    <subfield code="r">2014-08-26 00:00:00</subfield>
    <subfield code="t">1</subfield>
    <subfield code="v">410.00</subfield>
    <subfield code="y">EN</subfield>
  </datafield>
  <datafield tag="952" ind1=" " ind2=" ">
    <subfield code="0">0</subfield>
    <subfield code="1">5</subfield>
    <subfield code="4">0</subfield>
    <subfield code="7">0</subfield>
    <subfield code="8">NFIC</subfield>
    <subfield code="a">BL4</subfield>
    <subfield code="b">BL4</subfield>
    <subfield code="d">2014-08-26</subfield>
    <subfield code="e">Mallika Books/131/31.03.2014/147/25.03.2014/31.03.2014</subfield>
    <subfield code="g">410.00</subfield>
    <subfield code="l">0</subfield>
    <subfield code="o">347.7 KUC</subfield>
    <subfield code="p">B-537664</subfield>
    <subfield code="r">2014-08-26 00:00:00</subfield>
    <subfield code="t">1</subfield>
    <subfield code="v">410.00</subfield>
    <subfield code="y">EN</subfield>
  </datafield>
  <datafield tag="952" ind1=" " ind2=" ">
    <subfield code="0">0</subfield>
    <subfield code="1">0</subfield>
    <subfield code="4">0</subfield>
    <subfield code="7">0</subfield>
    <subfield code="8">NFIC</subfield>
    <subfield code="a">AV</subfield>
    <subfield code="b">AV</subfield>
    <subfield code="d">2018-02-26</subfield>
    <subfield code="e">Mallika Books/62//4.3.17/367/15.02.2017/07.03.2017</subfield>
    <subfield code="g">495.00</subfield>
    <subfield code="l">16</subfield>
    <subfield code="m">6</subfield>
    <subfield code="o">347.7 KUC</subfield>
    <subfield code="p">B-664863</subfield>
    <subfield code="r">2021-08-04 00:00:00</subfield>
    <subfield code="s">2021-07-30</subfield>
    <subfield code="t">1</subfield>
    <subfield code="v">495.00</subfield>
    <subfield code="y">EN</subfield>
  </datafield>
</record>
